|
|
|
|
| LEADER |
00000nam0a2200000 4500 |
| 001 |
297303 |
| 005 |
20240826161824.0 |
| 035 |
|
|
|a (RuTPU)RU\TPU\book\322436
|
| 090 |
|
|
|a 297303
|
| 100 |
|
|
|a 20150608d1965 km y0rusy50 ca
|
| 101 |
0 |
|
|a rus
|
| 102 |
|
|
|a RU
|
| 105 |
|
|
|a ab z 001zy
|
| 200 |
1 |
|
|a В сердце Азии
|f С. В. Обручев
|
| 210 |
|
|
|a Москва
|c Мысль
|d 1965
|
| 215 |
|
|
|a 127 с.
|c ил., карта
|
| 320 |
|
|
|a Библиогр.: с. 125-127
|
| 606 |
1 |
|
|a География
|x Азии
|2 stltpush
|3 (RuTPU)RU\TPU\subj\5923
|9 33907
|
| 610 |
1 |
|
|a географические исследования
|
| 610 |
1 |
|
|a Тува
|
| 610 |
1 |
|
|a коллекция В. А. Обручева
|
| 610 |
1 |
|
|a дарственная надпись
|
| 610 |
1 |
|
|a дары библиотеке
|
| 675 |
|
|
|a 91(5)
|v 3
|
| 700 |
|
1 |
|a Обручев
|b С. В.
|c российский геолог и географ
|f 1891-1965
|g Сергей Владимирович
|7 ca
|8 rus
|2 stltpush
|3 (RuTPU)RU\TPU\pers\11489
|9 2683
|
| 801 |
|
1 |
|a RU
|b 63413507
|c 20150608
|
| 801 |
|
2 |
|a RU
|b 63413507
|c 20181220
|g RCR
|
| 942 |
|
|
|c BK
|